Loading...
Science - Biology | 0 | 4 | 0 | 2 | 40 | 82 | 105.00 | 0 | 4 |
Science - Physics | 1 | 2 | 0 | 2 | 35 | 70 | 109.67 | 2 | 3 |
Fine Arts - Other Arts | 1 | 2 | 0 | 1 | 35 | 53 | 93.33 | 2 | 2 |
History - Ancient History | 1 | 2 | 0 | 1 | 35 | 72 | 101.33 | 2 | 3 |
Beliefs | 0 | 4 | 2 | 2 | 30 | 84 | 111.25 | 2 | 3 |
History - European History | 0 | 3 | 1 | 1 | 25 | 82 | 101.00 | 1 | 3 |
Science - Other Science | 1 | 1 | 1 | 1 | 20 | 58 | 96.00 | 1 | 2 |
Literature - British Literature | 0 | 2 | 0 | 0 | 20 | 123 | 125.00 | 0 | 2 |
Philosophy | 0 | 2 | 1 | 1 | 15 | 115 | 120.00 | 0 | 2 |
Visual Arts | 1 | 0 | 1 | 0 | 10 | 42 | 42.00 | 1 | 1 |
Current Events | 0 | 1 | 0 | 0 | 10 | 78 | 78.00 | 1 | 1 |
History - World History | 0 | 1 | 0 | 0 | 10 | 78 | 78.00 | 0 | 0 |
Other Academic | 0 | 1 | 0 | 1 | 10 | 99 | 99.00 | 0 | 0 |
Auditory Arts | 0 | 1 | 0 | 0 | 10 | 116 | 116.00 | 0 | 0 |
History - American History | 0 | 1 | 1 | 0 | 5 | 87 | 87.00 | 0 | 1 |
Social Science | 0 | 1 | 1 | 0 | 5 | 109 | 109.00 | 1 | 1 |
Science - Chemistry | 0 | 1 | 2 | 0 | 0 | 100 | 100.00 | 0 | 1 |
Literature - European Literature | 0 | 0 | 0 | 0 | 0 | 0.00 | 0 | 0 | |
Geography | 0 | 0 | 1 | 0 | -5 | 0.00 | 0 | 0 |